Microbes and man / (Record no. 82900)
[ view plain ]
| 000 -LEADER | |
|---|---|
| fixed length control field | 01033nam a2200241 a 4500 |
| 008 - FIXED-LENGTH DATA ELEMENTS--GENERAL INFORMATION | |
| fixed length control field | 060316s1992 ||||||||||||||||| || u |
| 020 ## - INTERNATIONAL STANDARD BOOK NUMBER | |
| International Standard Book Number | 0521423554 |
| 020 ## - INTERNATIONAL STANDARD BOOK NUMBER | |
| International Standard Book Number | 0521412595 |
| 050 ## - LIBRARY OF CONGRESS CALL NUMBER | |
| Classification number | QR56 |
| 100 ## - MAIN ENTRY--PERSONAL NAME | |
| Personal name | Postgate, J. R. (John Raymond) |
| 245 10 - TITLE STATEMENT | |
| Title | Microbes and man / |
| 250 ## - EDITION STATEMENT | |
| Edition statement | 3rd ed. |
| 260 ## - PUBLICATION, DISTRIBUTION, ETC. | |
| Place of publication, distribution, etc. | Cambridge ;New York : |
| Name of publisher, distributor, etc. | Cambridge University Press |
| Date of publication, distribution, etc. | 1992. |
| 300 ## - PHYSICAL DESCRIPTION | |
| Extent | xi, 297 p. : ill. ; 22 cm. |
| 350 ## - | |
| -- | 0.00 |
| 500 ## - GENERAL NOTE | |
| General note | Includes bibliographical references (p. 283-284) and index. |
| 650 #0 - SUBJECT ADDED ENTRY--TOPICAL TERM | |
| Topical term or geographic name entry element | BIOLOGY |
| 650 ## - SUBJECT ADDED ENTRY--TOPICAL TERM | |
| Topical term or geographic name entry element | Microbiology - Popular works |
| 856 ## - ELECTRONIC LOCATION AND ACCESS | |
| Uniform Resource Identifier | http://www.loc.gov/catdir/description/cam024/91023300.html |
| 856 ## - ELECTRONIC LOCATION AND ACCESS | |
| Uniform Resource Identifier | http://www.loc.gov/catdir/toc/cam027/91023300.html |
| 995 ## - | |
| -- | ANNEX COLLECTION (Main Library) |
| -- | 0.00 |
| -- | 734486 |
| -- | CBU-MAIN LIBRARY (Kitwe) |
| -- | 2 |
| -- | 14.95 |
| -- | QR 56 Pos |
| -- | 2 |
| -- | AVAILABLE |
| -- | 47855 |
| -- | Annex Low-Usage Collection |
| 995 ## - | |
| -- | MAIN LIBRARY OPEN ACCESS |
| -- | 0.00 |
| -- | 736949 |
| -- | CBU-MAIN LIBRARY (Kitwe) |
| -- | 1 |
| -- | 14.95 |
| -- | QR 56 Pos |
| -- | 1 |
| -- | AVAILABLE |
| -- | 40181 |
| -- | Main Library Open Access Collection |
| 999 ## - | |
| -- | 82900 |
| -- | 82900 |
| Withdrawn status | Lost status | Source of classification or shelving scheme | Damaged status | Not for loan | Permanent Location | Current Location | Shelving location | Date acquired | Total Checkouts | Full call number | Barcode | Date last seen | Copy number | Price effective from | Koha item type |
|---|---|---|---|---|---|---|---|---|---|---|---|---|---|---|---|
| CBU-MAIN LIBRARY, KITWE. | CBU-MAIN LIBRARY, KITWE. | 09/29/2023 | QR56 Pos | 47855 | 09/29/2023 | 1 | 09/29/2023 | MONOGRAPH | |||||||
| CBU-MAIN LIBRARY, KITWE. | CBU-MAIN LIBRARY, KITWE. | 09/29/2023 | QR56 Pos | 40181 | 09/29/2023 | 2 | 09/29/2023 | MONOGRAPH |